1099 1582 1844 1004 1551 1082 1493 1557 1569 1947 1764 1638 1666 1177 1203 1573 1277 1513 1334 1062 1168 1925 1431 1551 1995 1112 1013 1959 1780 1773 1389 1284 1500 1788 1315 1720 1996 1144 1126 1427 1193 1879 1290 1886 1975 1051 1003 1030 1133 1337 1669 1933 1702 1091 1772 1948 1057 1171 1665 1417 1716 1003 1805 1222 1853 1387 1617 1186 1395 1145 1796 1132 1921 1201 1361 1225 1087 1797 1263 1830 1579 1637 1535 1513 1101 1097 1752 1752 1533 1257 1572 1972 1711 1551 1788 1089 1597 1562 1550 BCNSPRNW ULIB Ver.6.0+V

เปลี่ยนเป็นภาษาไทย

Change to English
 แสดงรายละเอียดบรรณานุกรม
  กลับหน้าหลัก

Brief Record : Get Marc (ISO 2709) : E-mail record : QR code < ปิดหน้าต่าง
LEADER : 00000nam 2200000uu 4500
001    13399109107
003     ULIB
008    110322s2552||||th 000 0 tha d
020    9789744140920
041 1  tha^heng
050  4 JK421^bก945ก 2552
100 1  โกลด์สมิธ, สตีเฟน
245 10 การบริหารงานภาครัฐแบบเครือข่าย : มิติใหม่ของภาครัฐ =^bGoverning by network /^cผู้เขียน Stephen Goldsmith & William D. Eggers ; แปลและเรียบเรียงโดย จักร ติงศภัทิย์, กฤษฎา ปราโมทย์ธนา
246 31 Governing by network
250    พิมพ์ครั้งที่ 2
260    กรุงเทพฯ :^bเอ็กซเปอร์เน็ท,^c2552
300    363 หน้า :^bภาพประกอบ ;^c21 ซม.
500    'แปลจาก Governing by network : the new shape of thepublic sector/ Stephen Goldsmith, William D. Eggers, c2004."
650  7 ความร่วมมือระหว่างภาครัฐบาลและเอกชน^zสหรัฐอเมริกา
650  7 การบริหารรัฐกิจ^zสหรัฐอเมริกา
650  7 การว่าจ้างให้ผู้อื่นทำงานแทน^zสหรัฐอเมริกา
700 1  เอกเกอร์ส, วิลเลียม ดี.
700 0  จักร ติงศภัทิย์,^eผู้แปล
700 0  กฤษฎา ปราโมทย์ธนา,^eผู้แปล
700 12 Goldsmith, Stephen.^tGoverning by network :^bthe new shapeof the public sector
945    ^p295^l0^i029896
945    ^p295^l0^i029895
995    ทศพร
999 ^a ใช้งานได้ทุกระบบ
รายการนี้ยังไม่มีแท็ก
คุณยังไม่ได้ล็อกอิน คุณสามารถมีกิจกรรมร่วมกับเว็บไซต์ได้ แต่ต้องล็อกอินก่อน ::
  ล็อกอิน

รายการสื่อสารสนเทศ

ลำดับที่ ประเภท เลขเรียก/บาร์โค้ด สถานที่ สถานะ
- ไม่พบข้อมูล -

รายการใกล้เคียง
    ผู้แต่ง [โกลด์สมิธ, สตีเฟน]

BibComment


ยังไม่เคยถูกคอมเมนท์

คอมเมนท์ทรัพยากรรายการนี้
  คอมเมนท์: การบริหารงานภาครั..


 Copyright 2026. Bcnsprnw @Library